Coptic legal documents : law as vernacular text and experience in late antique Egypt /

محفوظ في:

مؤلفون آخرون: MacCoull, Leslie S. B.

التنسيق: كتاب

اللغة: English

منشور في: Tempe, Ariz. : [Turnhout, Belgium] : Arizona Center for Medieval and Renaissance Studies ; in collaboration with Brepols, c2009.

سلاسل: Medieval & Renaissance Texts & Studies (Series) ; 377.
Arizona studies in the Middle Ages and the Renaissance ; 32.

الموضوعات:

الوسوم: إضافة وسم

لا توجد وسوم, كن أول من يضع وسما على هذه التسجيلة!

رقم الطلب: KRM134 .C67 2009

LEADER 01041nam a22002537a 4500
003 OSt
005 20250827122348.0
008 271218s2009 azu b 001 0 eng d
020 |a 9780866984256 
040 |c ARCE Library 
050 1 4 |a KRM134   |b .C67 2009 
245 1 0 |a Coptic legal documents :   |b law as vernacular text and experience in late antique Egypt /   |c translated by Leslie S.B. MacCoull. 
264 1 |a Tempe, Ariz. :   |b Arizona Center for Medieval and Renaissance Studies ;   |a [Turnhout, Belgium] :   |b in collaboration with Brepols,   |c c2009. 
300 |a xxxiv, 214 p. :   |b map ;   |c 24 cm. 
490 0 |a Medieval & Renaissance Texts & Studies (Series) ;   |v 377. 
490 0 |a Arizona studies in the Middle Ages and the Renaissance ;   |v 32. 
504 |a Includes bibliographical references and index. 
650 0 |a Egyptian law -- Sources. 
650 0 |a Law -- Egypt -- History -- To 1500 -- Sources. 
650 0 |a Roman law -- Sources. 
700 1 |a MacCoull, Leslie S. B. 
901 |a reviewed 
942 |2 lcc  |c BK 
999 |c 47434  |d 47434